Using multi gigabit transceivers for usb 3.0 ip core verification. (Record no. 12208)
[ view plain ]
| 000 -LEADER | |
|---|---|
| fixed length control field | 00368nam a22001217a 4500 |
| 082 ## - DEWEY DECIMAL CLASSIFICATION NUMBER | |
| Classification number | 621.3 |
| 100 ## - MAIN ENTRY--PERSONAL NAME | |
| Personal name | A D Usama Bin Najam |
| 9 (RLIN) | 93078 |
| 245 ## - TITLE STATEMENT | |
| Title | Using multi gigabit transceivers for usb 3.0 ip core verification. |
| 300 ## - PHYSICAL DESCRIPTION | |
| Extent | 40p. : |
| 650 ## - SUBJECT ADDED ENTRY--TOPICAL TERM | |
| Topical term or geographic name entry element | multi gigabit transceivers |
| 9 (RLIN) | 98894 |
| 856 ## - ELECTRONIC LOCATION AND ACCESS | |
| Uniform Resource Identifier | <a href="http://10.250.8.41:8080/xmlui/handle/123456789/9452">http://10.250.8.41:8080/xmlui/handle/123456789/9452</a> |
| 942 ## - ADDED ENTRY ELEMENTS (KOHA) | |
| Koha item type | Project Report |
| Source of classification or shelving scheme | |
| Withdrawn status | Lost status | Source of classification or shelving scheme | Damaged status | Not for loan | Permanent Location | Current Location | Shelving location | Date acquired | Full call number | Barcode | Date last seen | Price effective from | Koha item type |
|---|---|---|---|---|---|---|---|---|---|---|---|---|---|
| Central Library (CL) | Central Library (CL) | General Stacks | 12/15/2013 | 621.3 | SEECSP01273 | 12/15/2013 | 12/15/2013 | Project Report | |||||
| Central Library (CL) | Central Library (CL) | Thesis | 11/08/2019 | 621.3 | CL-T-4021 | 11/08/2019 | 11/08/2019 | Thesis | |||||
| Central Library (CL) | Central Library (CL) | Thesis | 12/27/2019 | 621.3 | CL-T-4379 | 12/27/2019 | 12/27/2019 | Thesis |
